[Event "Regionalliga Nord-West 1718"]
[Site "Bayern"]
[Date "2018.03.18"]
[Round "8.8"]
[White "Schaeflein, Dieter"]
[Black "Volkamer, Tobias"]
[Result "0-1"]
[WhiteElo "1820"]
[BlackElo "1822"]
[PlyCount "61"]
[EventDate "2017.10.22"]
[EventType "team-tourn"]
[EventRounds "9"]
[EventCountry "GER"]
[SourceTitle "EXT 2022"]
[Source "ChessBase"]
[SourceDate "2021.10.06"]
[SourceVersion "1"]
[SourceVersionDate "2021.10.06"]
[SourceQuality "1"]
[WhiteTeam "Rottendorf"]
[BlackTeam "Kitzingen SC"]
[WhiteTeamCountry "GER"]
[BlackTeamCountry "GER"]

1. e4 d5 2. exd5 Qxd5 3. Nc3 Qd6 4. d4 Nf6 5. Bc4 c6 6. Nge2 Bg4 7. f3 Bf5 8. Bf4 Qd8 9. Ng3 Bg6 10. Nce4 Nbd7 11. Qe2 e6 12. 0-0-0 Nd5 13. Nd6+ Bxd6 14. Bxd6 N7b6 15. Ba3 Nxc4 16. Qxc4 Ne3 17. Qb3 Nxd1 18. Qxb7 Rc8 19. Rxd1 Qd7 20. Qa6 f6 21. Ne4 Bxe4 22. fxe4 Kf7 23. Qa5 Rhd8 24. Qh5+ Kg8 25. g4 Qc7 26. Kb1 Qf4 27. Bc5 Qxe4 28. g5 Rd5 29. h4 fxg5 30. Rf1 Rf5 31. Rxf5 0-1